| 000 | 00672nam a2200229 a 4500 | ||
|---|---|---|---|
| 001 | 0833 | ||
| 005 | 20140414132004.0 | ||
| 008 | 040930s19uu xx 00 eng d | ||
| 020 | _a0-02-830907-3 | ||
| 050 |
_aTR 372.4 _bB35 2000 |
||
| 100 | _aBereiter, Carl | ||
| 245 |
_aSRA Open court reading, L.2-B.1 / _cCarl Berieter, et al. |
||
| 250 | _aTeacher's Ed | ||
| 260 |
_aColumbus, Ohio : _bSRA/McGRaw-Hill, _c2000. |
||
| 300 | _axii p. ; 414 p. ; cm. | ||
| 440 | _aSRA Open Court Reading, green | ||
| 520 | _aBinder section | ||
| 526 | _cGrade 2 | ||
| 650 |
_aReading _xStudy and teaching. |
||
| 650 |
_aEnglish language _xStudy and teaching. |
||
| 999 |
_c113143 _d113143 |
||